A aranha delicada (Registo nº 4718)

Detalhes MARC
000 -Etiqueta do registo
Cabeçalho 00952nam 2200265 4500
010 ## - Número internacional normalizado dos livros (ISBN)
Número (ISBN) 9789899800946
100 ## - Dados gerais de processamento
Dados gerais de processamento 20260225d2015 d||y0frey50 ba
101 0# - Língua de publicação
Língua do texto, banda sonora, etc. Português
102 ## - Pais de publicação ou produção
País de publicação Portugal
200 1# - Titulo e menção de responsabilidade
Título próprio A aranha delicada
Primeira menção de responsabilidade Mundos de vida
Outras menções de responsabilidade il. Yara Kono
210 ## - Publicação, Distribuição, etc. 
Lugar da edição, distribuição, etc. Lousado
Nome do editor, distribuidor, etc. Mundos de vida
Data da publicação, distribuição, etc. 2015
215 ## - Descrição física 
Indicação específica da natureza do documento e extensão da espécie 43 p.
Outras indicações físicas il. color.
225 1# - Colecção 
Título próprio da colecção Dia nacional do pijama
Indicação de volume 4
330 ## - Sumário ou Resumo
Texto da nota Maria, Milu e o papagaio Quincas procuram, no jardim, uma pedra para levar para a escola, encontram uma bela aranha com pintas cor de cereja. Nesse instante, a Maria começa a sentir-se ligada aquela pequenina e delicada criatura, e será esse sentimento que irá permitir-lhe, mais tarde enfrentar o perigo.
675 ## - Classificação Decimal Universal (CDU)
Notação 087.5
Edição 2ª ed.
Língua da edição por
Notação 821.134.3-34
Edição 3ª ed.
Língua da edição por
701 #1 - Nome de autor-pessoa física (co-responsabilidade principal)
Palavra de ordem Kono
Outra parte do nome não tomada para palavra de ordem yara
Código de função Ilustrador / Técnico de desenho computorizado
710 01 - Nome de colectividade-autor (responsabilidade principal)
Palavra de ordem Mundos de vida
942 ## - Elementos de entrada adicionados (Koha)
Tipo de item no Koha Livro
990 ## - Elementos KOHA
Koha item type Livro
Suppress in OPAC Escondido
994 ## - Estado da catalogação
Situação NOVO
Exemplares
Situação do levantamento Nº de registo manual Origin of item (home branch) (coded) Biblioteca de empréstimo Lending or holding organisation (holding branch) code Código de barras Cota Circulation type (not for loan) Tipo de documento Damaged status
  20157 Biblioteca Escolar da Coca Maravilhas Biblioteca Escolar da Coca Maravilhas Biblioteca Escolar da Coca Maravilhas BECM20157 8C VID   Livro  
  20158 Biblioteca Escolar da Coca Maravilhas Biblioteca Escolar da Coca Maravilhas Biblioteca Escolar da Coca Maravilhas BECM20158 8C VID   Livro